| 000 | 00622nam a2200217 a 4500 | ||
|---|---|---|---|
| 001 | BRCA_8341 | ||
| 005 | 20190320210235.0 | ||
| 008 | 110714s1950----nyua###f#c---#000-0#eng-# | ||
| 041 | _aeng | ||
| 044 | _anyu | ||
| 050 | 4 |
_aZ105 _b.S3 1950 |
|
| 245 | 1 | 0 |
_aFifty distinguished books and manuscripts _bcatalogue 137 _cThe Scribner Boks Store. |
| 260 |
_aNueva York _bScribner´s Sons _c[195?] |
||
| 300 |
_a69 p. _c24 cm. |
||
| 500 | _aR63 | ||
| 650 | 1 | 4 |
_aLibros _vCatálogos _918721 |
| 650 | 1 | 4 |
_aManuscritos _vCatálogos _910869 |
| 710 | 2 |
_aThe Scribner Boks Store (Nueva York) _920877 |
|
| 902 | _aGFM | ||
| 942 |
_2lcc _cB |
||
| 999 |
_c8009 _d8009 |
||